000 00448nam a2200181Ia 4500
001 9271
005 20260306160711.0
008 260306t2017||||xx |||||||||||||| ||spa||
041 _aESP
082 _a378.007
_bC41
100 _aCazorla, Adolfo
_eAUT
245 0 _aLa universidad:
_bmotor de transformación de la sociedad
260 _c2017
300 _a245 pƔginas :
_c20 cm.
650 _aGEN
654 _aCED
942 _cLIB
_dJUS
_fJUS
_2ddc
_n
999 _c9271
_d9271